Rios das Capitais dos Estados Brasileiros - Statistics

Estatísticas Gerais
  • Esse quiz foi jogado 132 vezes
  • A pontuação média é 7 de 12
Estatísticas das Respostas
Cidade Rio % Correto
São Paulo Rio Tietê
95%
Macapá Rio Amazonas
94%
Manaus Rio Negro
79%
Palmas Rio Tocantins
73%
Porto Velho Rio Madeira
61%
Teresina Rio Parnaíba
57%
Boa Vista Rio Branco
56%
Rio Branco Rio Acre
53%
Cuiabá Rio Cuiabá
51%
Recife Rio Capibaribe
48%
Aracaju Rio Sergipe
36%
Natal Rio Potengi
23%
Nenhum quiz correspondente encontrado
Distribuição das Pontuações
Porcentagem de Pessoas com Cada Pontuação
Percentil de Números Respondidos
Sua Pontuação Histórica
Você não jogou esse quiz